| 000 | 00651nam a2200193 a 4500 | ||
|---|---|---|---|
| 001 | 8570 | ||
| 003 | CO-ViMGA | ||
| 008 | 141112s2004 ck r 000 u spa d | ||
| 020 | _a9589004083 | ||
| 040 |
_aCO-ViMGA _bspa _cCO-ViMGA |
||
| 082 | 0 | 4 | _aR929.38 C171 |
| 100 | 1 |
_aCarrizosa Argaez, Enrique _98429 |
|
| 245 | 1 | 0 |
_aLinajes y bibliografias de los gobernantes de nuestra Nación, 1830 - 1990 / _cCARRIZOSA ARGAEZ ENRIQUE |
| 260 |
_aBogotá, _cInstituto Colombiano de Cultura Hispanica, _c1990 |
||
| 300 | _a890 p. | ||
| 650 | 1 | 4 |
_aBIOGRAFIAS - GOBERNANTES - COLOMBIA _98430 |
| 650 | 1 | 4 |
_aESTADISTAS COLOMBIANOS - GENEALOGIA _98431 |
| 942 |
_2ddc _cBK |
||
| 999 |
_c20213 _d20213 |
||